Statistics for Guess The Footballer From Career Transfers #5

Click here to take the quiz!

General Stats

  • This quiz has been taken 43 times
  • The average score is 7 of 20

Answer Stats

Career Transfers in OrderPlayer% Correct
Borussia Dortmund - Chelsea - AC MilanChristian Pulisic
89%
Southampton - Liverpool - BrightonAdam Lallana
71%
Ajax - Juventus - Fulham - Man Utd - VV NoordwijkEdwin van der Sar
55%
Argentinos Juniors - Boca Juniors - Barcelona - Napoli - Sevilla - Newell's Old Boys - Boca JuniorsDiego Maradona
50%
Rangers - Blackpool - Liverpool - Stoke - Reading - DundeeCharlie Adam
45%
Vitesse - Tenerife - Deportivo - Bayern Munich - FeyenoordRoy Makaay
42%
Leeds - Tottenham - Everton - Burnley - Kayserispor - BurnleyAaron Lennon
34%
Melbourne Knights - Dinamo Zagreb - Celtic - Leeds - Middlesbrough - NewcastleMark Viduka
32%
PaPe - Kumu - MyPa - Willem II - Liverpool - Bayer LeverkusenSami Hyypia
32%
Real Valldolid - Real Madrid - Al-Rayyan - BoltonFernando Hierro
29%
Benfica - Fiorentina - AC Milan - BenficaRui Costa
29%
Atletico Nacional - River Plate - Aston Villa - NY Red Bulls - LA Galaxy - Chivas USA - Atletico NacionalJuan Pablo Angel
24%
Sao Paulo - Real Zaragoza - Juventude - Palmeiras - Roma - AC MilanCafu
21%
Crewe Alexandra - Norwich City - West Ham UnitedDean Ashton
21%
Auxerre - Tottenham - Portsmouth - Tottenham - Sunderland - WatfordYounes Kaboul
21%
Lens - Tottenham - QPR - Benfica - Al-NasrAdel Taarabt
18%
Peterborough - Birmingham - QPR - Arsenal - Man CityDavid Seaman
13%
Barcelona - Mallorca - Deportivo - Newcastle - Ajax - MalagaAlbert Luque
11%
Hamburg - Bayern Munich - Juventus - WolfsburgHasan Salihamidzic
11%
Banik Ostrava - Napoli - Udinese - AC Milan - Banik OstravaMarek Jankulovski
8%

Score Distribution

Percentile by Number Answered

Percent of People with Each Score

Your Score History

You have not taken this quiz